[Event "Wuerttemberg-ch KT"]
[Site "Stuttgart"]
[Date "2017.08.30"]
[Round "5"]
[White "Wohlt, Harald"]
[Black "Schroeck, Holger"]
[Result "1-0"]
[WhiteElo "1635"]
[BlackElo "1642"]
[PlyCount "27"]
[EventDate "2017.08.26"]
[EventType "swiss"]
[EventRounds "7"]
[EventCountry "GER"]
[SourceTitle "EXT 2019"]
[Source "ChessBase"]
[SourceDate "2018.10.10"]
[SourceVersion "1"]
[SourceVersionDate "2018.10.10"]
[SourceQuality "1"]

1. d4 d5 2. Bf4 Nf6 3. e3 e6 4. Nd2 Bd6 5. Bg3 b6 6. Bd3 Bb7 7. Ngf3 Nbd7 8. Ne5 Qe7 9. Qe2 h5 10. Ndf3 0-0-0 11. Ba6 Rdg8 12. Nc6 Qf8 13. Qb5 Nb8 14. Nxa7+ 1-0

[Event "Wuerttemberg-ch KT"]
[Site "Stuttgart"]
[Date "2017.08.26"]
[Round "1"]
[White "Hermann, Tobias"]
[Black "Wohlt, Harald"]
[Result "1-0"]
[WhiteElo "1933"]
[BlackElo "1635"]
[PlyCount "41"]
[EventDate "2017.08.26"]
[EventType "swiss"]
[EventRounds "7"]
[EventCountry "GER"]
[SourceTitle "EXT 2019"]
[Source "ChessBase"]
[SourceDate "2018.10.10"]
[SourceVersion "1"]
[SourceVersionDate "2018.10.10"]
[SourceQuality "1"]

1. e4 e5 2. Nf3 Nc6 3. d4 exd4 4. Bc4 Nf6 5. e5 d5 6. Bb5 Bb4+ 7. c3 dxc3 8. bxc3 Bxc3+ 9. Nxc3 Ne4 10. Qxd5 Nxc3 11. Bxc6+ Bd7 12. Qxd7+ Qxd7 13. Bxd7+ Kxd7 14. Bb2 Na4 15. 0-0-0+ Ke7 16. Ba3+ c5 17. Rd6 b6 18. Kc2 Rhd8 19. Rhd1 b5 20. Bc1 h6 21. Nh4 1-0

[Event "Crailsheim op 4th"]
[Site "Crailsheim"]
[Date "1998.??.??"]
[Round "?"]
[White "Wohlt, Harald"]
[Black "Schubert, Ralf"]
[Result "1/2-1/2"]
[WhiteElo "1815"]
[BlackElo "2150"]
[PlyCount "70"]
[EventDate "1998.05.??"]
[EventType "swiss"]
[EventRounds "7"]
[EventCountry "GER"]
[SourceTitle "EXT 2006"]
[Source "ChessBase"]
[SourceDate "2005.11.24"]
[SourceVersion "1"]
[SourceVersionDate "2005.11.24"]
[SourceQuality "1"]

1. Nf3 Nf6 2. g3 g6 3. c4 Bg7 4. Bg2 0-0 5. Nc3 d6 6. 0-0 e5 7. d3 Nc6 8. Rb1 h6 9. b4 Be6 10. b5 Ne7 11. a4 Qd7 12. Nd2 Rab8 13. Ba3 Bh3 14. Qc2 Bxg2 15. Kxg2 Nh7 16. Rfc1 Ng5 17. c5 Rfc8 18. Qa2 Nf5 19. Nde4 Nxe4 20. Nxe4 d5 21. c6 Qd8 22. Nc5 bxc6 23. bxc6 Nd4 24. Nb7 Qf6 25. Qxd5 Nxe2 26. Rc4 Nd4 27. Re1 Bf8 28. Bxf8 Kxf8 29. Rxe5 Ne6 30. Re3 Re8 31. Rf3 Qg5 32. Qe4 Nc5 33. Qd4 Ne6 34. Qe4 Nc5 35. Qd4 Ne6 1/2-1/2